Pulpit & Politics (Record no. 11165)

MARC details
000 -LEADER
fixed length control field 00691nam a2200253 a 4500
001 - CONTROL NUMBER
control field 0001-1165
003 - CONTROL NUMBER IDENTIFIER
control field ELIB.Books
008 - FIXED-LENGTH DATA ELEMENTS--GENERAL INFORMATION
fixed length control field 150506 2010 eng
020 ## - INTERNATIONAL STANDARD BOOK NUMBER
International Standard Book Number 9870817017514
035 ## - SYSTEM CONTROL NUMBER
System control number (ELIB.Books)0001-1320
092 ## - LOCALLY ASSIGNED DEWEY CALL NUMBER (OCLC)
Classification number 261.7
Item number McM
100 ## - MAIN ENTRY--PERSONAL NAME
Personal name Mcmickle, Marvin.
245 ## - TITLE STATEMENT
Title Pulpit & Politics
Remainder of title Separation of Church & State in the Black Church
250 ## - EDITION STATEMENT
Edition statement First Edition
260 ## - PUBLICATION, DISTRIBUTION, ETC. (IMPRINT)
Place of publication, distribution, etc. Valley Forge
Name of publisher, distributor, etc. Judson Press
Date of publication, distribution, etc. 2014
300 ## - PHYSICAL DESCRIPTION
Extent 216
Dimensions 21.5 Cm
500 ## - GENERAL NOTE
General note C/o ABC
650 ## - SUBJECT ADDED ENTRY--TOPICAL TERM
Topical term or geographic name as entry element Christianity & Political Affair
856 ## - ELECTRONIC LOCATION AND ACCESS
Name of location of host KBTS: Library
Uniform Resource Identifier <a href="KBTS: Elib">KBTS: Elib</a>
942 ## - ADDED ENTRY ELEMENTS (KOHA)
Source of classification or shelving scheme Dewey Decimal Classification
Koha item type Books
990 ## - EQUIVALENCES OR CROSS-REFERENCES [LOCAL, CANADA]
Link information for 9XX fields 1
998 ## - LOCAL CONTROL INFORMATION (RLIN)
Cataloger's initials, CIN (RLIN) bat
-- 2015-05-06
Holdings
Withdrawn status Lost status Source of classification or shelving scheme Damaged status Not for loan Home library Current library Date acquired Total Checkouts Barcode Date last seen Bill Date Koha item type
    Dewey Decimal Classification     Karen Baptist Theological Seminary Library Karen Baptist Theological Seminary Library 06/05/2015   15413 22/01/2022 22/01/2022 Books
Implemented & Customized by: BestBookBuddies

Powered by Koha